000 01076cam a2200361 i 4500
001 768714001
003 CO-MdFUSB
005 20201209110437.0
007 ta
008 930725t1973 sp spa
017 _aM 22866-1973
_bOficina Depósito Legal Madrid
020 _a8424928237
040 _aSpMaBN
_bspa
_cCO-MdFUSB
_dCO-MdFUSBC
_erda
041 _aspa
080 _a802.0-4(075.8)
082 _223
_a414.8
_bM492
100 1 _aMedrano Morales, Antonio
_0XX1362380
_eautor
245 1 0 _aLingüistica inglesa
_c/ Antonio Medrano Morales
264 1 _aMadrid :
_bGredos,
_c[1973]
264 4 _c© 1973
300 _a408 páginas.
_c19 cm
336 _2rdacontent
_atexto
_btxt
337 _2rdamedia
_asin mediación
_bn
338 _2rdacarrier
_avolumen
_bnc
490 0 _aBiblioteca Universitaria Gredos. I Manuales
563 _aRústico
650 7 _aLengua inglesa
_xFonología
650 7 _aLengua inglesa
_xFonética
942 _cBK
945 _aJTF-925
999 _c66100
_d66100